000 00649nam a2200229Ia 4500
003 OSt
005 20220925213827.0
006 a|||||r|||| 00| 0
007 ta
008 220923b |||||||| |||| 00| 0 eng d
037 _cGeneral Book
040 _aRTL
_cRTL
_beng
041 _2eng
_aeng
082 _aU.1.N7v5, L3
100 _aBrewer J Gordon
_94672
245 0 _aLiterature of geography
_bA guide to its organisaito
260 _aLondon
_bClive Bingley UK
_c1973
300 _a208p.
_ccm.
650 _aWorld Geography
_9205937
942 _hU.1.N7v5, L3
_cGB
_2CC
999 _c563751
_d563751